Statistics for Largest Cities in the World in 1 AD

Click here to take the quiz!

General Stats

  • This quiz has been taken 65 times
  • The average score is 4 of 20

Answer Stats

Modern-Day CountryPopulationCity% Correct
Italy603kRome
98%
Egypt694kAlexandria
93%
China414kXian
51%
Tunisia140kCarthage
43%
Turkey211kAntioch
25%
Turkey174kEphesus
23%
China244kLuoyang
18%
China161kChengdu
16%
China171kKaifeng
16%
Iraq350kSeleucia
13%
Belize117kCaracol
8%
Sri Lanka114kAnuradhapura
7%
India149kPataliputra
7%
Turkey130kPergamum
7%
Turkey115kApamea
3%
China140kMaoling
3%
China135kQufu
3%
India130kVaishali
3%
China117kXinzheng
3%
China195kYiyang
3%

Score Distribution

Percentile by Number Answered

Percent of People with Each Score

Your Score History

You have not taken this quiz